The pattern of aid giving : (Record no. 8881)

MARC details
000 -LEADER
fixed length control field 01553cam a22003614a 4500
001 - CONTROL NUMBER
control field 12991407
003 - CONTROL NUMBER IDENTIFIER
control field OSt
005 - DATE AND TIME OF LATEST TRANSACTION
control field 20240626103652.0
008 - FIXED-LENGTH DATA ELEMENTS--GENERAL INFORMATION
fixed length control field 021104s2003 enka b 001 0 eng
010 ## - LIBRARY OF CONGRESS CONTROL NUMBER
LC control number 2002036918
020 ## - INTERNATIONAL STANDARD BOOK NUMBER
International Standard Book Number 0415298113
035 ## - SYSTEM CONTROL NUMBER
System control number (OCoLC)ocm50958856
040 ## - CATALOGING SOURCE
Original cataloging agency DLC
Transcribing agency DLC
Modifying agency C#P
-- BAKER
-- UWC
-- NLGGC
-- DLC
042 ## - AUTHENTICATION CODE
Authentication code pcc
043 ## - GEOGRAPHIC AREA CODE
Geographic area code d------
082 00 - DEWEY DECIMAL CLASSIFICATION NUMBER
Classification number 338.91 NEY 2003
100 1# - MAIN ENTRY--PERSONAL NAME
Personal name Neumayer, Eric,
Dates associated with a name 1970-
9 (RLIN) 17949
245 14 - TITLE STATEMENT
Title The pattern of aid giving :
Remainder of title the impact of good governance on development assistance /
Statement of responsibility, etc. Eric Neumayer.
260 ## - PUBLICATION, DISTRIBUTION, ETC. (IMPRINT)
Place of publication, distribution, etc. London ;
-- New York :
Name of publisher, distributor, etc. Routledge,
Date of publication, distribution, etc. 2003.
300 ## - PHYSICAL DESCRIPTION
Extent xii, 116 p. :
Other physical details ill. ;
Dimensions 23 cm.
440 #0 - SERIES STATEMENT/ADDED ENTRY--TITLE
Title Routledge studies in development economics,
International Standard Serial Number 1359-7884 ;
Volume/sequential designation 34
9 (RLIN) 17950
504 ## - BIBLIOGRAPHY, ETC. NOTE
Bibliography, etc Includes bibliographical references (p. [103]-112) and index.
650 #0 - SUBJECT ADDED ENTRY--TOPICAL TERM
Topical term or geographic name as entry element Economic assistance
General subdivision Political aspects.
9 (RLIN) 17951
650 #0 - SUBJECT ADDED ENTRY--TOPICAL TERM
Topical term or geographic name as entry element Economic assistance
General subdivision Econometric models.
9 (RLIN) 17952
650 #0 - SUBJECT ADDED ENTRY--TOPICAL TERM
Topical term or geographic name as entry element Conditionality (International relations)
9 (RLIN) 15623
650 #0 - SUBJECT ADDED ENTRY--TOPICAL TERM
Topical term or geographic name as entry element Democracy
Geographic subdivision Developing countries.
9 (RLIN) 17953
650 #0 - SUBJECT ADDED ENTRY--TOPICAL TERM
Topical term or geographic name as entry element Human rights
Geographic subdivision Developing countries.
9 (RLIN) 14319
856 42 - ELECTRONIC LOCATION AND ACCESS
Materials specified Publisher description
Uniform Resource Identifier http://www.loc.gov/catdir/enhancements/fy0701/2002036918-d.html
856 42 - ELECTRONIC LOCATION AND ACCESS
Materials specified Contributor biographical information
Uniform Resource Identifier http://www.loc.gov/catdir/enhancements/fy1102/2002036918-b.html
906 ## - LOCAL DATA ELEMENT F, LDF (RLIN)
a 7
b cbc
c orignew
d 1
e ocip
f 20
g y-gencatlg
942 ## - ADDED ENTRY ELEMENTS (KOHA)
Source of classification or shelving scheme Dewey Decimal Classification
Koha item type Open Shelf
Holdings
Withdrawn status Lost status Source of classification or shelving scheme Damaged status Not for loan Home library Current library Source of acquisition Inventory number Total Checkouts Full call number Barcode Date last seen Koha item type
    Dewey Decimal Classification     MUST Main Library MUST Main Library Purchase 2003/19911   338.91 NEY 2003 2024-21370 26/06/2024 Open Shelf
    Dewey Decimal Classification     MUST Main Library MUST Main Library Purchase 03/19912   338.91 NEY 2003 2024-21929 10/07/2024 Open Shelf